|
|
|
|
| LEADER |
00000nam0a2200000 4500 |
| 001 |
99357 |
| 005 |
20231101214238.0 |
| 035 |
|
|
|a (RuTPU)RU\TPU\book\106591
|
| 090 |
|
|
|a 99357
|
| 100 |
|
|
|a 20060703d1957 km y0rusy50 ca
|
| 101 |
0 |
|
|a rus
|
| 102 |
|
|
|a RU
|
| 105 |
|
|
|a a z 001zy
|
| 200 |
1 |
|
|a Электромагнитные волны
|f Л. А. Вайнштейн
|
| 210 |
|
|
|a Москва
|c Советское радио
|d 1957
|
| 215 |
|
|
|a 580 с.
|c ил.
|
| 320 |
|
|
|a Библиография в конце книги.
|
| 606 |
1 |
|
|a Электромагнитные волны, ультравысокочастотные
|2 stltpush
|3 (RuTPU)RU\TPU\subj\20185
|9 45305
|
| 610 |
1 |
|
|a электромагнитное поле
|
| 610 |
1 |
|
|a плоские волны
|
| 610 |
1 |
|
|a скин-эффект
|
| 610 |
1 |
|
|a волноводы
|
| 610 |
1 |
|
|a диэлектрики
|
| 610 |
1 |
|
|a проводники
|
| 610 |
1 |
|
|a дифракция
|
| 610 |
1 |
|
|a свободные колебания
|
| 610 |
1 |
|
|a резонаторы
|
| 610 |
1 |
|
|a вынужденные колебания
|
| 675 |
|
|
|a 621.396.2
|v 3
|
| 700 |
|
1 |
|a Вайнштейн
|b Л. А.
|g Лев Альбертович
|
| 801 |
|
1 |
|a RU
|b 63413507
|c 20060703
|g PSBO
|
| 801 |
|
2 |
|a RU
|b 63413507
|c 20170720
|g PSBO
|
| 942 |
|
|
|c BK
|